000 00628nam a2200205Ia 4500
003 GCL
005 20240530095531.0
008 140319s9999 xx 000 0 ara d
040 _aGCL /
_cGCL
082 0 4 _a813
_bط/وذ
100 1 _aوكالة المطبوعات
245 1 0 _aذهب والدببة الثلاثة /
_cوكالة المطبوعات
260 _aالكويت :
_bوكالة المطبوعات
300 _a:
_bايض ؛
_c25 سم
490 _aقصص عالمية للاطفال
_v0
650 0 4 _aالاطفال
650 0 4 _aقصص الاطفال
650 0 4 _aادب الاطفال
942 _2ddc
_cBK
999 _c8142
_d8142